000 00746nam a2200205Ii 4500
003 JO-AjNU
008 230605s9999||||xx |||||||||||||| ||und||
040 _aJO-AjNU
_bara
_erda
_cJO-AjNU
041 _aara
050 1 4 _aHF5415.13.A42 2013
100 3 _aالعلاق، بشير، م.مشارك: قحطان العبدلي,
_eauthor
_957439
245 0 0 _aإدارة التسويق = Marketing Management
250 _aط1
264 3 1 _aعمان: دار زهران للنشر والتوزيع، 2013
300 _a404ص
_bيحتوي على ببلوغرافية من ص 401-404ص
336 _atext
_btxt
_2rdacontent
337 _aunmediated
_bn
_2rdamedia
338 _avolume
_bnc
_2rdacarrier
650 4 _aالتسويق - ادارة
_957440
999 _aA25742
_c29310
_d29310